| 000 | 00683nam a2200229 u 4500 | ||
|---|---|---|---|
| 005 | 20251212063924.0 | ||
| 008 | 160418s2014 r 000 0 eng d | ||
| 020 | _a9786078418022 | ||
| 035 | _aUPN01000209600 | ||
| 049 | _aI | ||
| 050 | 4 |
_aTK6655 V5 _bM8.3 |
|
| 100 | 1 |
_aMurguía, Verónica, _d1960- _931012 |
|
| 245 | 1 | 0 |
_aDaniel y el video / _cVerónica Murguía ; il. Enrique Torralba. |
| 260 |
_aMéxico : _bCONAPRED : _bSEGOB, _c2014. |
||
| 300 |
_a42 p. : _bil. col. |
||
| 440 | 0 |
_aKipatla. _pPara tratarnos igual |
|
| 650 | 4 |
_aVideocintas _9185 |
|
| 650 | 4 |
_aLibros y lectura para niños _92290 |
|
| 700 | 1 |
_aTorralba, Enrique, _eil. |
|
| 905 | _aLibro | ||
| 999 |
_c181701 _d181701 |
||